The CRC handbook of mechanical engineering / (Record no. 61016)
[ view plain ]
| 000 -LEADER | |
|---|---|
| fixed length control field | 01297cam a2200313 a 4500 |
| 001 - CONTROL NUMBER | |
| control field | 3071713 |
| 003 - CONTROL NUMBER IDENTIFIER | |
| control field | NUST-PNEC |
| 005 - DATE AND TIME OF LATEST TRANSACTION | |
| control field | 20170116180712.0 |
| 008 - FIXED-LENGTH DATA ELEMENTS--GENERAL INFORMATION | |
| fixed length control field | 970722s1998 flua bf 001 0 eng |
| 010 ## - LIBRARY OF CONGRESS CONTROL NUMBER | |
| LC control number | 97030197 |
| 020 ## - INTERNATIONAL STANDARD BOOK NUMBER | |
| International Standard Book Number | 084939418X |
| 040 ## - CATALOGING SOURCE | |
| Original cataloging agency | DLC |
| Transcribing agency | PNEC |
| Modifying agency | DLC |
| 050 00 - LIBRARY OF CONGRESS CALL NUMBER | |
| Classification number | TJ151 |
| Item number | .C73 1998 |
| 082 00 - DEWEY DECIMAL CLASSIFICATION NUMBER | |
| Classification number | 621.02 KRE |
| 100 ## - MAIN ENTRY--PERSONAL NAME | |
| 9 (RLIN) | 585 |
| Personal name | Kreith Frank |
| 245 04 - TITLE STATEMENT | |
| Title | The CRC handbook of mechanical engineering / |
| Statement of responsibility, etc. | editor-in-chief, Frank Kreith. |
| 246 3# - VARYING FORM OF TITLE | |
| Title proper/short title | Handbook of mechanical engineering |
| 260 ## - PUBLICATION, DISTRIBUTION, ETC. | |
| Place of publication, distribution, etc. | Boca Raton : |
| Name of publisher, distributor, etc. | CRC Press, |
| Date of publication, distribution, etc. | c1998. |
| 300 ## - PHYSICAL DESCRIPTION | |
| Extent | 1 v. (various pagings) : |
| Other physical details | ill. ; |
| Dimensions | 26 cm. + |
| 440 #4 - SERIES STATEMENT/ADDED ENTRY--TITLE | |
| Title | The mechanical engineering handbook series |
| 500 ## - GENERAL NOTE | |
| General note | http://www.amazon.com/CRC-Handbook-Mechanical-Engineering-Kreith/dp/084939418X/ref=sr_1_1?s=books&ie=UTF8&qid=1413286619&sr=1-1&keywords=084939418X |
| 504 ## - BIBLIOGRAPHY, ETC. NOTE | |
| Bibliography, etc. note | Includes bibliographical references and index. |
| 650 #0 - SUBJECT ADDED ENTRY--TOPICAL TERM | |
| Topical term or geographic name entry element | Mechanical engineering |
| Form subdivision | Handbooks, manuals, etc. |
| General subdivision | ME |
| 700 1# - ADDED ENTRY--PERSONAL NAME | |
| Personal name | Kreith, Frank. |
| 856 42 - ELECTRONIC LOCATION AND ACCESS | |
| Materials specified | Publisher description |
| Uniform Resource Identifier | <a href="http://www.loc.gov/catdir/enhancements/fy0661/97030197-d.html">http://www.loc.gov/catdir/enhancements/fy0661/97030197-d.html</a> |
| 906 ## - LOCAL DATA ELEMENT F, LDF (RLIN) | |
| a | 7 |
| b | cbc |
| c | orignew |
| d | 1 |
| e | ocip |
| f | 19 |
| g | y-gencatlg |
| 942 ## - ADDED ENTRY ELEMENTS (KOHA) | |
| Source of classification or shelving scheme | |
| Koha item type | Book |
| Withdrawn status | Lost status | Source of classification or shelving scheme | Damaged status | Not for loan | Permanent Location | Current Location | Shelving location | Date acquired | Source of acquisition | Total Checkouts | Full call number | Barcode | Date last seen | Price effective from | Koha item type |
|---|---|---|---|---|---|---|---|---|---|---|---|---|---|---|---|
| Pakistan Navy Engineering College (PNEC) | Pakistan Navy Engineering College (PNEC) | Reference | Donated | 621.02 KRE | PNECLIB-022344 | 10/14/2014 | Book |
